Statistics for Every Cover Star on WWE/WWF Video Games

Click here to take the quiz!

General Stats

  • This quiz has been taken 136 times
    (58 since last reset)
  • The average score is 142 of 214

Answer Stats

Game NameRelease YearAnswer% Correct
WWE SmackDown vs. Raw 20082007John Cena
94%
WWE 2K Battlegrounds2020John Cena
94%
WWE 2K232023John Cena
94%
WWE SmackDown! Here Comes The Pain2003John Cena
94%
WWE Survivor Series2004John Cena
94%
WWE All Stars2011John Cena
94%
WWE SmackDown vs. Raw 20062005John Cena
94%
WWE SmackDown vs. Raw 20072006John Cena
94%
WWE 2K152014John Cena
94%
WWE SmackDown vs. Raw 20102009John Cena
94%
WWE SmackDown vs. Raw 20112010John Cena
94%
WWF WrestleMania: Steel Cage Challenge1992Hulk Hogan
91%
WWE All Stars2011Hulk Hogan
91%
MicroLeague Wrestling1987/1989Hulk Hogan
91%
WWE Legends of Wrestlemania2009Hulk Hogan
91%
WWF King of the Ring1993Hulk Hogan
91%
WWF Wrestlemania (NES)1989Hulk Hogan
91%
WWF Superstars 21992Hulk Hogan
91%
WWE WrestleMania X82002Hulk Hogan
91%
WWF Super WrestleMania1992Hulk Hogan
91%
WWF Wrestlemania Challenge1990Hulk Hogan
91%
WWF Superstars1991Hulk Hogan
91%
WWF Wrestlemania (Amiga)1991Hulk Hogan
91%
WWE 2K222022Rey Mysterio
89%
WWE SmackDown! Here Comes The Pain2003Rey Mysterio
89%
WWE Survivor Series2004Rey Mysterio
89%
WWE All Stars2011Rey Mysterio
89%
WWE SmackDown vs. Raw 20072006Rey Mysterio
89%
WWE SmackDown vs. Raw 20102009Rey Mysterio
89%
WWE 2K Battlegrounds2020Roman Reigns
89%
WWE 2K202019Roman Reigns
89%
WWE 2K172016Brock Lesnar
87%
WWE SmackDown! Shut Your Mouth2002Brock Lesnar
87%
WWE SmackDown! Here Comes The Pain2003Brock Lesnar
87%
WWE 2K162015Stone Cold Steve Austin
87%
WWE WrestleMania X82002Stone Cold Steve Austin
87%
WWE WrestleMania XIX2003Stone Cold Steve Austin
87%
WWF Attitude1999Stone Cold Steve Austin
87%
WWE Legends of Wrestlemania2009Stone Cold Steve Austin
87%
WWF Warzone1998Stone Cold Steve Austin
87%
WWF Road To WrestleMania2001Stone Cold Steve Austin
87%
WWE 2K Battlegrounds2020Stone Cold Steve Austin
87%
WWF Wrestlemania 20001999The Rock
87%
WWF With Authority!2001The Rock
87%
WWE Crush Hour2003The Rock
87%
WWF Betrayal2001The Rock
87%
WWE All Stars2011The Rock
87%
WWF SmackDown!2000The Rock
87%
WWF SmackDown! 2: Know Your Role2000The Rock
87%
WWE 2K Battlegrounds2020The Rock
87%
WWF SmackDown! Just Bring It2001The Rock
87%
WWF Attitude1999The Rock
87%
WWE 2K142013The Rock
87%
WWE WrestleMania XIX2003The Rock
87%
WWE Legends of Wrestlemania2009The Rock
87%
WWF No Mercy2000The Rock
87%
WWE '122011Randy Orton
85%
WWE All Stars2011Randy Orton
85%
WWE Survivor Series2004Randy Orton
85%
WWE WrestleMania 212005Randy Orton
85%
WWE SmackDown vs. Raw 20102009Randy Orton
85%
WWF Wrestlemania 20001999Triple H
85%
WWF No Mercy2000Triple H
85%
WWE Raw 22003Triple H
85%
WWE SmackDown! Shut Your Mouth2002Triple H
85%
WWE SmackDown vs. Raw 20072006Triple H
85%
WWF Raw (XBOX)2002Triple H
85%
WWF Attitude1999Triple H
85%
WWF SmackDown! Just Bring It2001Triple H
85%
WWE SmackDown vs. Raw 20092008Triple H
85%
WWF SmackDown! 2: Know Your Role2000Triple H
85%
WWF Betrayal2001Triple H
85%
WWE Road to WrestleMania X82002Triple H
85%
WWF With Authority!2001Triple H
85%
WWE Survivor Series2004Shawn Michaels
83%
WWF In Your House1996Shawn Michaels
83%
WWF Rage in the Cage1993Shawn Michaels
83%
WWE SmackDown vs. Raw 20092008Shawn Michaels
83%
WWF Royal Rumble (SNES)1993Shawn Michaels
83%
WWE SmackDown vs. Raw 20082007The Undertaker
83%
WWF WrestleMania: Steel Cage Challenge1992The Undertaker
83%
WWE SmackDown vs. Raw 20102009The Undertaker
83%
WWE Road to WrestleMania X82002The Undertaker
83%
WWF Raw (XBOX)2002The Undertaker
83%
WWF Superstars 21992The Undertaker
83%
WWF SmackDown! 2: Know Your Role2000The Undertaker
83%
WWF Attitude1999The Undertaker
83%
WWF Rage in the Cage1993The Undertaker
83%
WWF Road To WrestleMania2001The Undertaker
83%
WWE WrestleMania 212005The Undertaker
83%
WWE SmackDown! Here Comes The Pain2003The Undertaker
83%
WWF Raw (SNES)1994The Undertaker
83%
WWE Survivor Series2004The Undertaker
83%
WWE Aftershock2005The Undertaker
83%
WWF Wrestlemania 20001999The Undertaker
83%
WWE 2K Battlegrounds2020The Undertaker
83%
WWF Royal Rumble (SNES)1993The Undertaker
83%
WWE 2K202019Becky Lynch
81%
WWE SmackDown! Shut Your Mouth2002Booker T
79%
WWE 2K182017Seth Rollins
79%
WWE Legends of Wrestlemania2009Andre the Giant
77%
WWF Wrestlemania Challenge1990Andre the Giant
77%
WWE 2K Battlegrounds2020Andre the Giant
77%
WWE '132012CM Punk
77%
WWE 2K192018AJ Styles
74%
WWF Raw (XBOX)2002Kane
74%
WWF Road To WrestleMania2001Kane
74%
WWF With Authority!2001Kane
74%
WWE SmackDown vs. Raw 20072006Batista
72%
WWE SmackDown vs. Raw 20062005Batista
72%
WWE 2K242024Cody Rhodes
72%
WWE Aftershock2005Edge
72%
WWE SmackDown vs. Raw 20102009Edge
72%
WWF No Mercy2000Edge
72%
WWF Wrestlemania 20001999The Big Show
72%
WWE SmackDown vs. Raw 20112010The Big Show
72%
WWF Superstars1991The Ultimate Warrior
72%
WWE All Stars2011The Ultimate Warrior
72%
WWF Wrestlemania Challenge1990The Ultimate Warrior
72%
WWF European Rampage Tour1992The Ultimate Warrior
72%
WWF WrestleMania: Steel Cage Challenge1992"Macho Man" Randy Savage
70%
WWF Super WrestleMania1992"Macho Man" Randy Savage
70%
WWF Superstars1991"Macho Man" Randy Savage
70%
WWF European Rampage Tour1992"Macho Man" Randy Savage
70%
WWF Rage in the Cage1993"Macho Man" Randy Savage
70%
WWF Wrestlemania Challenge1990"Macho Man" Randy Savage
70%
WWE All Stars2011"Macho Man" Randy Savage
70%
WWF Superstars 21992"Macho Man" Randy Savage
70%
WWE SmackDown vs. Raw 20082007Bobby Lashley
66%
WWF European Rampage Tour1992Bret Hart
66%
WWF Raw (SNES)1994Bret Hart
66%
WWF WrestleMania: Steel Cage Challenge1992Bret Hart
66%
WWF Royal Rumble (SNES)1993Bret Hart
66%
WWF King of the Ring1993Bret Hart
66%
WWF In Your House1996Bret Hart
66%
WWE WrestleMania 212005Ric Flair
66%
WWE SmackDown! vs. Raw2004Vince McMahon
66%
WWE SmackDown! Shut Your Mouth2002Kurt Angle
64%
WWF SmackDown! Just Bring It2001Kurt Angle
64%
WWE WrestleMania XIX2003Kurt Angle
64%
WWE 2K Battlegrounds2020Charlotte Flair
62%
WWE Survivor Series2004Chris Benoit
60%
WWF With Authority!2001Chris Benoit
60%
WWE Aftershock2005Chris Benoit
60%
WWE WrestleMania 212005Chris Benoit
60%
WWE Survivor Series2004Eddie Guerrero
60%
WWE Aftershock2005Eddie Guerrero
60%
WWF Betrayal2001Stephanie McMahon
60%
WWE SmackDown vs. Raw 20112010The Miz
60%
WWE Survivor Series2004Chris Jericho
57%
WWE SmackDown! Shut Your Mouth2002Chris Jericho
57%
WWF SmackDown! 2: Know Your Role2000Chris Jericho
57%
WWF Raw (XBOX)2002Jeff Hardy
55%
WWF Wrestlemania 20001999Mankind
55%
WWF Attitude1999Mankind
55%
WWF SmackDown!2000Mankind
55%
WWE SmackDown! Here Comes The Pain2003Matt Hardy
53%
WWF Royal Rumble (SNES)1993Yokozuna
53%
WWF Rage in the Cage1993Yokozuna
53%
WWF Raw (SNES)1994Yokozuna
53%
WWE 2K Battlegrounds2020Yokozuna
53%
WWE Raw 22003Goldberg
49%
WWE Crush Hour2003Rob Van Dam
49%
WWE Road to WrestleMania X82002Rob Van Dam
49%
WWE WrestleMania X82002Rob Van Dam
49%
WWF Raw (SNES)1994Diesel
47%
WWE Legends of Wrestlemania2009Jimmy Hart
47%
WWE All Stars2011Kofi Kingston
47%
WWE 2K Battlegrounds2020Kofi Kingston
47%
WWF Rage in the Cage1993Ted DiBiase
45%
WWF WrestleMania: Steel Cage Challenge1992Ted DiBiase
45%
WWE 2K Battlegrounds2020"The Fiend" Bray Wyatt
45%
WWF SmackDown!2000Chyna
38%
WWF Wrestlemania (Amiga)1991The British Bulldog
38%
WWF Super WrestleMania1992Jake "The Snake" Roberts
36%
WWF King of the Ring1993Lex Luger
34%
WWF Rage in the Cage1993Lex Luger
34%
WWF Raw (SNES)1994Lex Luger
34%
WWF Raw (SNES)1994Razor Ramon
34%
WWF Royal Rumble (SNES)1993Razor Ramon
34%
WWF King of the Ring1993Razor Ramon
34%
WWF Rage in the Cage1993Razor Ramon
34%
WWE 2K Battlegrounds2020Ronda Rousey
34%
WWE 2K Battlegrounds2020Asuka
30%
WWE SmackDown! Here Comes The Pain2003Torrie Wilson
30%
WWE SmackDown vs. Raw 20072006Torrie Wilson
30%
WWF Wrestlemania (Amiga)1991Sgt. Slaughter
28%
WWE Legends of Wrestlemania2009Bobby "The Brain" Heenan
26%
WWF King of the Ring1993Mr. Perfect
26%
WWF Royal Rumble (SNES)1993Mr. Perfect
26%
WWF Rage in the Cage1993Mr. Perfect
26%
WWE Raw 22003Scott Steiner
26%
WWF SmackDown! Just Bring It2001Spike Dudley
26%
WWF Rage in the Cage1993Big Boss Man
23%
WWF Wrestlemania Challenge1990Big Boss Man
23%
WWF SmackDown!2000Billy Gunn
23%
WWF Super WrestleMania1992Road Warrior Animal
19%
WWF Super WrestleMania1992Road Warrior Hawk
19%
WWF In Your House1996Vader
19%
WWF Rage in the Cage1993Crush
17%
WWF Rage in the Cage1993Bam Bam Bigelow
15%
WWF Rage in the Cage1993Rick Martel
15%
WWF Raw (SNES)1994Doink the Clown
13%
WWF WrestleMania: Steel Cage Challenge1992Papa Shango
13%
WWF Super WrestleMania1992Sid Justice
13%
WWF Rage in the Cage1993Tatanka
11%
WWF Superstars 21992The Mountie
11%
WWF Rage in the Cage1993Brian Knobbs
9%
WWF Rage in the Cage1993Fatu
9%
WWF Rage in the Cage1993Irwin R. Schyster
9%
WWF Rage in the Cage1993Jerry Sags
9%
WWF Rage in the Cage1993Kamala
9%
WWF Rage in the Cage1993Samu
9%
WWF Raw (SNES)1994Luna Vachon
6%

Score Distribution

Percentile by Number Answered

Percent of People with Each Score

Your Score History

You have not taken this quiz since the last reset